00347nam a2200109Ia 4500008004000000082001200040100002600052245007100078260005300149300000800202650002700210210210b1945 xxu||||| |||| 00| 0 eng d a090/116 aNATIONAL BOOK LEAGUE. aBritish book news: a selection of books published in Britain 1944. aLondonbLongmans Green and Company Limitedc1945 a242 aBritish Books in Print